[Event "Ceske Budejovice op-A"]
[Site "Ceske Budejovice"]
[Date "2023.07.06"]
[Round "6"]
[White "Simunek, Jakub Simon"]
[Black "Vojtek, Pavel"]
[Result "1-0"]
[WhiteElo "1952"]
[BlackElo "1761"]
[PlyCount "55"]
[EventDate "2023.07.01"]
[EventType "swiss"]
[EventRounds "9"]
[EventCountry "CZE"]
[SourceTitle "CBM 215 Extra"]
[Source "ChessBase"]
[SourceDate "2023.09.30"]
[SourceVersion "1"]
[SourceVersionDate "2023.09.30"]
[SourceQuality "1"]

1. e4 d5 2. exd5 Nf6 3. Bb5+ Bd7 4. Bc4 c6 5. dxc6 Nxc6 6. Nf3 Bg4 7. 0-0 e6 8. c3 Qc7 9. Bb5 Bd6 10. h3 Bh5 11. d4 0-0-0 12. Nbd2 a6 13. Bxc6 Qxc6 14. Qb3 Kb8 15. Re1 h6 16. Ne5 Bxe5 17. Rxe5 Rd5 18. Nc4 g5 19. Rxd5 exd5 20. Ne5 Qe6 21. Be3 Ne4 22. Re1 f5 23. f3 Nf6 24. Nd3 Qd6 25. Nc5 Rh7 26. Bf2 Rc7 27. Re6 Qf4 28. Nxa6+ 1-0

[Event "Ceske Budejovice op-A"]
[Site "Ceske Budejovice"]
[Date "2023.07.02"]
[Round "2"]
[White "Vojtek, Pavel"]
[Black "Briem, Benedikt"]
[Result "1/2-1/2"]
[WhiteElo "1761"]
[BlackElo "2127"]
[PlyCount "53"]
[EventDate "2023.07.01"]
[EventType "swiss"]
[EventRounds "9"]
[EventCountry "CZE"]
[SourceTitle "CBM 215 Extra"]
[Source "ChessBase"]
[SourceDate "2023.09.30"]
[SourceVersion "1"]
[SourceVersionDate "2023.09.30"]
[SourceQuality "1"]

1. d4 d5 2. e3 Nf6 3. Nf3 c6 4. Bd3 Bg4 5. Nbd2 Nbd7 6. h3 Bh5 7. g4 Bg6 8. Ne5 Nxe5 9. dxe5 Ne4 10. f3 Nc5 11. Bxg6 hxg6 12. f4 e6 13. g5 d4 14. Nb3 Qd5 15. Rh2 Nxb3 16. axb3 d3 17. Qxd3 Bb4+ 18. Bd2 Bc5 19. Qxd5 exd5 20. Ke2 Ke7 21. Bc3 Ke6 22. h4 Rh5 23. Kf3 Rah8 24. Rah1 Kf5 25. Bd4 Bxd4 26. exd4 a5 27. c3 1/2-1/2

[Event "Ceske Budejovice op-A"]
[Site "Ceske Budejovice"]
[Date "2023.07.01"]
[Round "1"]
[White "Vojtek, Pavel"]
[Black "Hurtik, Matej"]
[Result "1-0"]
[WhiteElo "1761"]
[BlackElo "2120"]
[PlyCount "69"]
[EventDate "2023.07.01"]
[EventType "swiss"]
[EventRounds "9"]
[EventCountry "CZE"]
[SourceTitle "CBM 215 Extra"]
[Source "ChessBase"]
[SourceDate "2023.09.30"]
[SourceVersion "1"]
[SourceVersionDate "2023.09.30"]
[SourceQuality "1"]

1. d4 e5 2. dxe5 d6 3. exd6 Bxd6 4. Nc3 Ne7 5. g3 Nbc6 6. Bg2 h5 7. Nf3 a6 8. a3 Bf5 9. Nd4 Nxd4 10. Qxd4 c5 11. Qxg7 Ng6 12. Bd5 Qe7 13. Bg5 Qd7 14. 0-0-0 Be5 15. Bf6 Bxf6 16. Qxf6 Be6 17. Bxe6 Qxe6 18. Qxe6+ fxe6 19. Ne4 0-0 20. Rd6 Rae8 21. f3 Rf5 22. Rhd1 h4 23. Rb6 Re7 24. Rd8+ Nf8 25. Rc8 hxg3 26. hxg3 Rh7 27. Rxc5 Rff7 28. Rc8 Kg7 29. Nc5 Kf6 30. Re8 Ke5 31. Nxe6 Nxe6 32. Rexe6+ Kf5 33. Rh6 Ke5 34. Rxh7 Rxh7 35. Rb4 1-0

[Event "Ceske Budejovice op-A"]
[Site "Ceske Budejovice"]
[Date "2022.07.06"]
[Round "6"]
[White "Vojtek, Pavel"]
[Black "Petirova, Iva"]
[Result "1/2-1/2"]
[WhiteElo "1711"]
[BlackElo "1722"]
[PlyCount "161"]
[EventDate "2022.07.01"]
[EventType "swiss"]
[EventRounds "9"]
[EventCountry "CZE"]
[SourceTitle "CBM 209 Extra"]
[Source "ChessBase"]
[SourceDate "2022.09.30"]
[SourceVersion "1"]
[SourceVersionDate "2022.09.30"]
[SourceQuality "1"]

1. c4 g6 2. g3 Bg7 3. Bg2 e5 4. Nc3 Ne7 5. e3 d6 6. Nge2 0-0 7. 0-0 c5 8. d4 f5 9. dxe5 dxe5 10. e4 Nbc6 11. Be3 Nd4 12. Bg5 h6 13. Bxe7 Qxe7 14. Nd5 Qd8 15. Nec3 f4 16. f3 fxg3 17. hxg3 Qg5 18. Qe1 Nc2 19. Qc1 Nxa1 20. Qxg5 hxg5 21. Rxa1 Bd7 22. Rd1 Rad8 23. Nc7 g4 24. fxg4 Bxg4 25. Rxd8 Rxd8 26. N7d5 Kf7 27. Ne3 Bd7 28. Ned5 Bh6 29. Bf3 Bc1 30. b3 Bd2 31. a4 Bc6 32. Nd1 a6 33. Be2 Ke6 34. Bg4+ Kd6 35. Be2 Rf8 36. Kg2 Ra8 37. N1c3 Rb8 38. Kf3 g5 39. Bd3 Rf8+ 40. Kg2 Rh8 41. Be2 Bd7 42. Nd1 Rf8 43. Nf2 Rb8 44. Nb6 Bc6 45. Bd3 Ba5 46. Nd5 b5 47. axb5 axb5 48. Nh3 bxc4 49. Bxc4 Bd2 50. Ng1 Bb5 51. Nf3 Bxc4 52. bxc4 Rb2 53. Nf6 Rc2 54. Ng4 Bb4+ 55. Kh3 Rxc4 56. Ngxe5 Rxe4 57. Nf7+ Ke7 58. N7xg5 Re3 59. Nh4 Re1 60. Ngf3 Ra1 61. Ne5 Ra3 62. Kg4 Be1 63. Nhf3 Bf2 64. Kh3 Ke6 65. Kg2 Bd4 66. Nc4 Ra8 67. Nfd2 Rg8 68. Kf3 Kd5 69. Nb6+ Ke6 70. Nbc4 Bc3 71. Ne4 Bb4 72. Nb2 Ke5 73. Nd3+ Kd4 74. Nf4 c4 75. Ne2+ Kd3 76. g4 Rf8+ 77. Nf4+ Kc2 78. Ke3 Kb2 79. Nd5 Ba5 80. Kd4 c3 81. Nexc3 1/2-1/2

[Event "Ceske Budejovice op"]
[Site "Ceske Budejovice"]
[Date "2021.07.09"]
[Round "9"]
[White "Richter, Martin1111"]
[Black "Vojtek, Pavel"]
[Result "1-0"]
[WhiteElo "1966"]
[BlackElo "1511"]
[PlyCount "131"]
[EventDate "2021.07.01"]
[EventType "swiss"]
[EventRounds "9"]
[EventCountry "CZE"]
[SourceTitle "CBM 203 Extra"]
[Source "ChessBase"]
[SourceDate "2021.09.30"]
[SourceVersion "1"]
[SourceVersionDate "2021.09.30"]
[SourceQuality "1"]

1. e4 e6 2. d4 d5 3. e5 c5 4. c3 Qb6 5. Nf3 Nc6 6. Be2 Nge7 7. dxc5 Qxc5 8. Na3 a6 9. Be3 Qa5 10. Bd3 Ng6 11. Bxg6 fxg6 12. Nc2 Be7 13. 0-0 0-0 14. Ncd4 Bd7 15. Qd2 Qc7 16. Bg5 Rae8 17. Bxe7 Rxe7 18. Rfe1 Qb6 19. Rad1 Nd8 20. Qg5 Rfe8 21. Rd2 Nf7 22. Qg3 Nh6 23. h4 Nf5 24. Qg5 Rf7 25. Qg4 Nh6 26. Qh3 Qc7 27. Ng5 Rfe7 28. h5 Nf7 29. Nxf7 Rxf7 30. hxg6 hxg6 31. Qg4 Qd8 32. Re3 g5 33. Rg3 Rf4 34. Qh5 Rh4 35. Qxg5 Qxg5 36. Rxg5 Kf7 37. Nf3 Rh6 38. g3 Bc6 39. Rd4 Reh8 40. Rf4+ Kg8 41. Nd4 Rh1+ 42. Kg2 R8h2+ 43. Kf3 Bd7 44. Rfg4 Rh7 45. Rg6 Kf7 46. Ke3 Rb1 47. f4 Rxb2 48. R4g5 Rb6 49. f5 Bc8 50. f6 gxf6 51. Rxf6+ Ke7 52. Rg8 Bd7 53. Nf5+ exf5 54. Rxb6 Bc6 55. Rb2 Rh1 56. Rg6 Re1+ 57. Kf4 Rf1+ 58. Kg5 Rf3 59. Rf6 Rxg3+ 60. Kf4 Rxc3 61. Rh2 Ra3 62. Rh7+ Ke8 63. Rg6 Kf8 64. e6 Ra4+ 65. Ke5 Re4+ 66. Kf6 1-0

[Event "Ceske Budejovice op"]
[Site "Ceske Budejovice"]
[Date "2021.07.07"]
[Round "7"]
[White "Hurtik, Matej"]
[Black "Vojtek, Pavel"]
[Result "1-0"]
[WhiteElo "1932"]
[BlackElo "1511"]
[PlyCount "35"]
[EventDate "2021.07.01"]
[EventType "swiss"]
[EventRounds "9"]
[EventCountry "CZE"]
[SourceTitle "CBM 203 Extra"]
[Source "ChessBase"]
[SourceDate "2021.09.30"]
[SourceVersion "1"]
[SourceVersionDate "2021.09.30"]
[SourceQuality "1"]

1. e4 e6 2. d4 d5 3. Nd2 c5 4. exd5 Qxd5 5. Ngf3 cxd4 6. Bc4 Qd8 7. 0-0 Nc6 8. Nb3 Nf6 9. Nbxd4 Nxd4 10. Nxd4 Bc5 11. Be3 Qb6 12. c3 e5 13. Nc2 Bxe3 14. Nxe3 Qxb2 15. Qd6 Qxc3 16. Nd5 Nxd5 17. Bb5+ Bd7 18. Bxd7+ 1-0

[Event "Ceske Budejovice op"]
[Site "Ceske Budejovice"]
[Date "2021.07.06"]
[Round "6"]
[White "Vojtek, Pavel"]
[Black "Steinbauer, Filip"]
[Result "1/2-1/2"]
[WhiteElo "1511"]
[BlackElo "1899"]
[PlyCount "60"]
[EventDate "2021.07.01"]
[EventType "swiss"]
[EventRounds "9"]
[EventCountry "CZE"]
[SourceTitle "CBM 203 Extra"]
[Source "ChessBase"]
[SourceDate "2021.09.30"]
[SourceVersion "1"]
[SourceVersionDate "2021.09.30"]
[SourceQuality "1"]

1. e4 c5 2. Nf3 d6 3. d4 cxd4 4. Nxd4 Nf6 5. f3 Nc6 6. Bb5 Bd7 7. c4 Nxd4 8. Bxd7+ Qxd7 9. Qxd4 g6 10. Nc3 Bg7 11. Be3 0-0 12. Qd3 Rfc8 13. Rc1 Qc7 14. b3 Qa5 15. Qd2 a6 16. Nd5 Qxd2+ 17. Kxd2 Nxd5 18. cxd5 Bb2 19. Rc2 Rxc2+ 20. Kxc2 Be5 21. h3 Rc8+ 22. Kd2 f5 23. Rc1 Rxc1 24. Kxc1 Kf7 25. Bb6 e6 26. dxe6+ Kxe6 27. Kd2 fxe4 28. fxe4 Bb2 29. Kc2 Ba1 30. Kd3 Ke5 1/2-1/2

[Event "Ceske Budejovice op"]
[Site "Ceske Budejovice"]
[Date "2021.07.05"]
[Round "5"]
[White "Blazek, Jiri2222"]
[Black "Vojtek, Pavel"]
[Result "1-0"]
[WhiteElo "2008"]
[BlackElo "1511"]
[PlyCount "69"]
[EventDate "2021.07.01"]
[EventType "swiss"]
[EventRounds "9"]
[EventCountry "CZE"]
[SourceTitle "CBM 203 Extra"]
[Source "ChessBase"]
[SourceDate "2021.09.30"]
[SourceVersion "1"]
[SourceVersionDate "2021.09.30"]
[SourceQuality "1"]

1. e4 e6 2. d4 d5 3. e5 c5 4. c3 Qb6 5. Nf3 Nc6 6. Be2 Nge7 7. dxc5 Qxc5 8. Bf4 Ng6 9. Bg3 Qb6 10. b4 a6 11. 0-0 Qc7 12. Re1 Bd7 13. Bd3 Be7 14. h4 Bd8 15. h5 Nge7 16. a4 Qb8 17. Na3 Na7 18. c4 dxc4 19. Nxc4 Nac8 20. Ng5 h6 21. Ne4 Bc7 22. Qg4 Kf8 23. Ned6 Bxd6 24. exd6 Nd5 25. Ne5 Nf6 26. Nxd7+ Nxd7 27. Rxe6 fxe6 28. Qxe6 Ncb6 29. Qe7+ Kg8 30. Bg6 Rh7 31. a5 Qf8 32. axb6 Nxb6 33. Re1 Rb8 34. Qe4 Rh8 35. Qe6+ 1-0

[Event "Ceske Budejovice op"]
[Site "Ceske Budejovice"]
[Date "2021.07.03"]
[Round "3"]
[White "Vojtek, Pavel"]
[Black "Cizek, Jan"]
[Result "1-0"]
[WhiteElo "1511"]
[BlackElo "1715"]
[PlyCount "59"]
[EventDate "2021.07.01"]
[EventType "swiss"]
[EventRounds "9"]
[EventCountry "CZE"]
[SourceTitle "CBM 203 Extra"]
[Source "ChessBase"]
[SourceDate "2021.09.30"]
[SourceVersion "1"]
[SourceVersionDate "2021.09.30"]
[SourceQuality "1"]

1. e4 c5 2. Nf3 Nc6 3. d4 cxd4 4. Nxd4 g6 5. c4 Bg7 6. Be3 Nf6 7. f3 0-0 8. Nc3 Qb6 9. Qd2 Nxe4 10. Nxc6 Nxd2 11. Nxe7+ Kh8 12. Bxb6 Nxf3+ 13. gxf3 axb6 14. Kd2 d6 15. Bd3 Be6 16. Kc2 Bd4 17. Ned5 Ra5 18. Nc7 Rc8 19. Nxe6 fxe6 20. Rhe1 e5 21. Kb3 Bxc3 22. Kxc3 b5 23. b3 bxc4 24. bxc4 b5 25. Kb4 Ra4+ 26. Kxb5 Ra3 27. Red1 d5 28. cxd5 Raa8 29. Kb4 Rab8+ 30. Bb5 1-0

[Event "CZE-ch Betsys Online Blitz"]
[Site "Chess.com INT"]
[Date "2021.04.17"]
[Round "11"]
[White "Vojtek, Pavel"]
[Black "Bartosova, Hana"]
[Result "1-0"]
[WhiteElo "1511"]
[BlackElo "1846"]
[PlyCount "85"]
[EventDate "2021.04.17"]
[EventType "swiss (blitz)"]
[EventRounds "13"]
[EventCountry "CZE"]
[SourceTitle "CBM 201 Extra"]
[Source "ChessBase"]
[SourceDate "2021.05.31"]
[SourceVersion "1"]
[SourceVersionDate "2021.05.31"]
[SourceQuality "1"]

1. e4 e6 2. d4 d5 3. e5 c5 4. c3 Nc6 5. Nf3 Nge7 6. Bd3 Ng6 7. 0-0 Be7 8. Be3 cxd4 9. cxd4 0-0 10. Nbd2 Nb4 11. Be2 Bd7 12. Nb3 Rc8 13. Rc1 Nxa2 14. Ra1 Nb4 15. Rxa7 Qc7 16. Qc1 Qxc1 17. Rxc1 Rxc1+ 18. Bxc1 Bc6 19. Na5 Rc8 20. Nxc6 Rxc6 21. Bd2 Na6 22. Rxb7 h6 23. Bb5 Rc7 24. Bxa6 Rc2 25. Bd3 Rc8 26. Bxg6 fxg6 27. Rxe7 Rb8 28. Rxe6 Rxb2 29. Rxg6 Rb1+ 30. Be1 Kf7 31. Rd6 Rb5 32. Kf1 g5 33. Bd2 g4 34. Ne1 h5 35. Rh6 Rb2 36. Ke2 Kg7 37. Rxh5 Kg6 38. Rh4 Kf5 39. f3 gxf3+ 40. Nxf3 Rb8 41. g4+ Kg6 42. Rh3 Rb4 43. Bxb4 1-0

[Event "CZE-ch Betsys Online Blitz"]
[Site "Chess.com INT"]
[Date "2021.04.17"]
[Round "1"]
[White "Vojtek, Pavel"]
[Black "Novosadova, Kristyna"]
[Result "0-1"]
[WhiteElo "1511"]
[BlackElo "2138"]
[PlyCount "50"]
[EventDate "2021.04.17"]
[EventType "swiss (blitz)"]
[EventRounds "13"]
[EventCountry "CZE"]
[SourceTitle "CBM 201 Extra"]
[Source "ChessBase"]
[SourceDate "2021.05.31"]
[SourceVersion "1"]
[SourceVersionDate "2021.05.31"]
[SourceQuality "1"]

1. e4 e5 2. Nf3 Nc6 3. Bb5 f5 4. Nc3 fxe4 5. Nxe4 Nf6 6. d3 d5 7. Nxf6+ gxf6 8. Bd2 Be6 9. d4 e4 10. Ng1 Qd7 11. c3 Bd6 12. f3 a6 13. Ba4 b5 14. Bc2 exf3 15. Nxf3 0-0-0 16. Qe2 Bg4 17. h3 Rde8 18. Be3 Bf4 19. Kf2 Rxe3 20. Qf1 Bxf3 21. gxf3 Kb7 22. Re1 Rhe8 23. Rxe3 Bxe3+ 24. Kg2 Qg7+ 25. Kh2 Bf4# 0-1